| 000 | 00638pam a2200193 a 4500 | ||
|---|---|---|---|
| 020 | _a0582090008 (pbk.) | ||
| 020 | _a0582090016 : | ||
| 082 | 0 | 0 |
_a940 _a940 _bDOD |
| 100 | 1 |
_aRoberts, Michael, _950691 |
|
| 245 | 1 | 0 |
_aGustavus Adolphus / _cMichael Roberts. |
| 250 | _a2nd ed. | ||
| 260 |
_aLondon [England] ; _aNew York : _bLongman, _c1992. |
||
| 300 |
_axviii, 420 p. : _bill., maps ; _c22 cm. |
||
| 490 | 1 | _aProfiles in power | |
| 500 | _aOriginally published: Gustavus Adolphus and rise of Sweden. London : English Universities Press, 1973. | ||
| 526 |
_a0 _b0 _c0 _d940_000000000000000_DOD |
||
| 650 |
_aMCE _9379 |
||
| 942 |
_2ddc _cBK |
||
| 999 |
_c553456 _d553456 |
||